[Event "Moscow op (Women) 17th"]
[Site "Moscow"]
[Date "2021.02.24"]
[Round "5"]
[White "Zagrebina, Marina"]
[Black "Tumashevich, Elizaveta"]
[Result "1/2-1/2"]
[WhiteElo "1382"]
[BlackElo "1732"]
[PlyCount "68"]
[EventDate "2021.02.20"]
[EventType "swiss"]
[EventRounds "9"]
[EventCountry "RUS"]
[SourceTitle "CBM 200 Extra"]
[Source "ChessBase"]
[SourceDate "2021.03.31"]
[SourceVersion "1"]
[SourceVersionDate "2021.03.31"]
[SourceQuality "1"]

1. d4 Nf6 2. c4 g6 3. Nc3 d5 4. e3 Bg7 5. Nf3 0-0 6. cxd5 Nxd5 7. Bc4 Nxc3 8. bxc3 c5 9. 0-0 Nc6 10. Ba3 cxd4 11. cxd4 Qa5 12. Qb3 Rb8 13. Bb2 Bg4 14. Be2 h6 15. Rfc1 Rfc8 16. Rc5 Qd8 17. Rac1 Na5 18. Qa3 Rxc5 19. Rxc5 b6 20. Rc1 Bf8 21. h3 Bc8 22. Ne5 e6 23. Qc3 Bd6 24. d5 Qf6 25. Ng4 Qxc3 26. Bxc3 h5 27. Nf6+ Kf8 28. Rd1 Nb7 29. Ba6 Nc5 30. Nh7+ Kg8 31. Nf6+ Kf8 32. Nh7+ Kg8 33. Nf6+ Kf8 34. Nh7+ Kg8 1/2-1/2

[Event "Moscow op (Women) 17th"]
[Site "Moscow"]
[Date "2021.02.22"]
[Round "3"]
[White "Novikova, Daria1111"]
[Black "Tumashevich, Elizaveta"]
[Result "1-0"]
[WhiteElo "1430"]
[BlackElo "1732"]
[PlyCount "53"]
[EventDate "2021.02.20"]
[EventType "swiss"]
[EventRounds "9"]
[EventCountry "RUS"]
[SourceTitle "CBM 200 Extra"]
[Source "ChessBase"]
[SourceDate "2021.03.31"]
[SourceVersion "1"]
[SourceVersionDate "2021.03.31"]
[SourceQuality "1"]

1. e4 c5 2. Nf3 a6 3. d4 cxd4 4. Nxd4 Nf6 5. Nc3 d6 6. f3 e5 7. Nb3 Be6 8. Bg5 Be7 9. Bxf6 gxf6 10. Nd5 f5 11. Nxe7 Qxe7 12. Qd3 fxe4 13. fxe4 Nc6 14. 0-0-0 0-0-0 15. Qc3 Kb8 16. Bxa6 d5 17. Bb5 Qg5+ 18. Kb1 Nd4 19. Nxd4 exd4 20. Qb4 Rc8 21. Ba6 Rc7 22. Qxd4 Rhc8 23. Bd3 Qxg2 24. exd5 Bxd5 25. Rhg1 Qf3 26. Rdf1 Qh5 27. Rf5 1-0

[Event "Moscow op (Women) 17th"]
[Site "Moscow"]
[Date "2021.02.20"]
[Round "1"]
[White "Tumashevich, Elizaveta"]
[Black "Kurmangaliyeva, Liya"]
[Result "0-1"]
[WhiteElo "1732"]
[BlackElo "2186"]
[PlyCount "72"]
[EventDate "2021.02.20"]
[EventType "swiss"]
[EventRounds "9"]
[EventCountry "RUS"]
[SourceTitle "CBM 200 Extra"]
[Source "ChessBase"]
[SourceDate "2021.03.31"]
[SourceVersion "1"]
[SourceVersionDate "2021.03.31"]
[SourceQuality "1"]

1. c4 e5 2. Nc3 Nf6 3. Nf3 Nc6 4. d3 d5 5. cxd5 Nxd5 6. e4 Nb6 7. Be3 Bg4 8. Be2 Be7 9. h3 Bxf3 10. Bxf3 0-0 11. 0-0 Nd4 12. Bg4 c6 13. Ne2 c5 14. f4 exf4 15. Bxd4 cxd4 16. Nxf4 Bg5 17. g3 Qd6 18. Qc2 Kh8 19. Rae1 Rad8 20. Kg2 g6 21. h4 Bxf4 22. gxf4 f5 23. e5 Qe7 24. Bf3 Qxh4 25. Bxb7 Qg4+ 26. Kh1 Qh3+ 27. Kg1 Qg3+ 28. Kh1 g5 29. Qd2 Rg8 30. Re2 Qh3+ 31. Kg1 gxf4+ 32. Rg2 Rxg2+ 33. Bxg2 Rg8 34. Rxf4 Nd5 35. Rf2 f4 36. Qe2 Ne3 0-1